| 000 | 00728nam a22001695i 4500 | ||
|---|---|---|---|
| 001 | 174928 | ||
| 003 | ES-MaACL | ||
| 005 | 20230906215710.0 | ||
| 008 | 100714s1914 sp |||| | spa d | ||
| 080 | _a63:331.105.44(460.21)(060.55) | ||
| 110 | 2 |
_aFederación de Sindicatos Agrícolas de la Rioja. _9143220 |
|
| 245 | 1 | 0 | _aMemoria de la Federación de Sindicatos Agrícolas Católicos de la Rioja leída en la sesión celebrada en Logroño por el Consejo General el día 29 de diciembre de 1913. |
| 260 |
_aLogroño : _b[s.n.], _c1914 ( _fImpr. y Librería Moderna) |
||
| 300 |
_a26 p. ; _c21 cm. |
||
| 610 | 1 | 4 |
_aFederación de Sindicatos Agrícolas Católicos de la Rioja- _vMemorias. _9143221 |
| 852 |
_aES-MaACL _jT-1394-F-2 |
||
| 999 |
_c174928 _d174928 |
||